|
|
|
|
| LEADER |
00000nab a2200000 a 4500 |
| 001 |
vtls000663414 |
| 003 |
SK-MaSNL |
| 005 |
20260304090522.0 |
| 008 |
250425c1998 xo 0 slo |
| 015 |
|
|
|a SNBRB1998/05-13134
|
| 035 |
|
|
|a CLN000015600
|
| 035 |
|
|
|a urn:nbn:sk:snk-ab351z
|
| 035 |
|
|
|a (urnnbn)urn:nbn:sk:snk:ar-a064f1
|
| 035 |
|
|
|a (uuid)6446ad60-6d5a-49e2-8880-7b10dec41a97
|
| 040 |
|
|
|a SNKBUCL
|b slo
|c SNKBUCL
|e AACR2
|
| 041 |
0 |
|
|a cze
|
| 044 |
|
|
|a xo
|c SK
|
| 080 |
|
|
|a 61-051
|2 1997
|
| 080 |
|
|
|a 929 Mecl, Antonín
|2 1997
|
| 100 |
1 |
|
|a Hůla, Josef,
|d 1923-1999
|4 aut
|9 90384
|
| 245 |
1 |
0 |
|a Vzpomínka na docenta Antonína Mecla
|c J. Hůla
|
| 300 |
|
|
|b Fotogr.
|
| 600 |
1 |
7 |
|a Mecl, Antonín
|d 1907-1978
|2 snkbucl
|9 85014
|
| 655 |
|
7 |
|a články z novín a časopisov
|2 snkbucl
|9 267496
|
| 773 |
0 |
|
|t Studia pneumologica et phthiseologica
|g Roč. 58, č. 2 (1998), s. 94-95
|x 0371-2222
|
| 850 |
|
|
|a Slovenská národná knižnica
|
| 852 |
|
|
|a Slovenská národná knižnica
|
| 958 |
|
|
|a article27
|
| 958 |
|
|
|a CZ
|
| 958 |
|
|
|a BC
|
| 958 |
|
|
|a OND
|
| 958 |
|
|
|a EUIPO
|
| 999 |
|
|
|c 2811709
|d 2813639
|